000 00631nam a2200241Ia 4500
003 OSt
005 20220924122908.0
006 a|||||r|||| 00| 0
007 ta
008 220923b |||||||| |||| 00| 0 urd d
020 _c30.00
024 _a314814
037 _cTextual
040 _aARTS
_cARTS
_burd
041 _2urd
_aurd
082 _aO168,1N308,3, M7
100 _aKhanqahi Noshtar
_9191012
245 0 _aSarai mein shaam
260 _aLucknow
_bNusrat India
_c1987
650 _aURDU POETRY
942 _hO168,1N308,3, M7
_cTEXL
_2CC
999 _c413475
_d413475